| 000 | 00749nam a2200181 a 4500 | ||
|---|---|---|---|
| 008 | 060823s2005 ||||||||||||||||| || u | ||
| 050 | _aIBRD(08) | ||
| 100 | _aNicita, Alessandro | ||
| 245 | 1 | 0 | _aMultilateral trade liberalization and Mexican households: the effects of the Doha development agenda |
| 260 |
_aWashington, D. C.: _bWorld Bank _c2005 |
||
| 300 | _a30p.;ill | ||
| 350 | _a0.00 | ||
| 490 | _aWorld Bank policy research working papers | ||
| 650 | _aGLOBAL TRADE REFORMS--RESEARCH--MEXICAN HOUSEHOUSEHOLDS | ||
| 650 | 0 | _aECONOMICS | |
| 710 | _aWorld Bank | ||
| 995 |
_D0.00 _FCBU-MAIN LIBRARY (Kitwe) _H1 _I0.00 _M1 _UAVAILABLE _WAug 23, 2006 _ZInternational Publications |
||
| 999 |
_c51766 _d51766 |
||